[Event "East Lansing (MI Op/2/6)"]
[Site "?"]
[Date "1995.??.??"]
[Round "?"]
[White "Finegold, Ron"]
[Black "Jarosz, Stan"]
[Result "1/2-1/2"]
[WhiteElo "2230"]
[BlackElo "2020"]
[PlyCount "114"]
[EventDate "1995.??.??"]

{2/(6)} 1. Nf3 d5 2. c4 e6 3. d4 Nf6 4. g3 Be7 5. Bg2 O-O 6. O-O Nbd7 7. Nbd2
b6 8. cxd5 exd5 9. Qa4 c5 10. Re1 Bb7 11. Nh4 Re8 12. Ndf3 Ne4 13. Nf5 Bf8 14.
Bh3 Ndf6 15. Ng5 h6 16. Nxe4 Nxe4 17. dxc5 Nxc5 18. Qc2 Qf6 19. Nh4 d4 20. Qf5
Qxf5 21. Bxf5 g6 22. b4 Ne6 23. Bxe6 Rxe6 24. Bd2 Rc8 25. a3 Rc2 26. Rad1 Ra2
27. e3 dxe3 28. Bxe3 Rxa3 29. b5 Re8 30. Rd7 Bc8 31. Rc7 Bc5 32. Rc1 Bxe3 33.
Rxc8 Bxc1 34. Rxe8+ Kg7 35. Kg2 Bg5 36. Nf3 Bf6 37. Ne5 Rb3 38. Nc6 Rxb5 39.
Nxa7 Rb2 40. Nc6 b5 41. Rb8 Bc3 42. Rb7 Bf6 43. h4 h5 44. Kf1 Rc2 45. Rb6 Rb2
46. f4 Bc3 47. Rb7 b4 48. Nd8 b3 49. Nxf7 Kf8 50. Ne5 Rb1+ 51. Kg2 b2 52. Nc4
Ra1 53. Nxb2 Ra2 54. g4 hxg4 55. Kg3 Bxb2 56. Kxg4 Bd4 57. f5 gxf5+ 1/2-1/2

[Event "Detroit (MI Team/1/3/2)"]
[Site "?"]
[Date "1995.??.??"]
[Round "?"]
[White "Finegold, Ron"]
[Black "Aldrich, Justin"]
[Result "1-0"]
[WhiteElo "2230"]
[BlackElo "2605"]
[PlyCount "65"]
[EventDate "1995.??.??"]

{1/3} 1. e4 e5 2. Nf3 d6 3. d4 exd4 4. Qxd4 Nc6 5. Bb5 Bd7 6. Bxc6 Bxc6 7. Nc3
Nf6 8. Bg5 Be7 9. O-O-O O-O 10. e5 Ne8 11. Bxe7 Qxe7 12. Rhe1 Bxf3 13. gxf3
dxe5 14. Rxe5 Qd6 15. Nd5 f6 16. Re4 Rd8 17. Qc4 Kh8 18. Ne3 Qxh2 19. Rxd8 Qg1+
20. Qf1 Qg6 21. Qb5 c6 22. Qf5 Qg1+ 23. Nd1 g6 24. Rexe8 gxf5 25. Rxf8+ Kg7 26.
Rg8+ Kf7 27. Rxg1 Ke7 28. Rd4 b5 29. Ne3 Ke6 30. f4 a6 31. Rg7 c5 32. Rdd7 h5
33. Rge7# 1-0

[Event "East Lansing (MEX/5/2)"]
[Site "?"]
[Date "1995.??.??"]
[Round "?"]
[White "Finegold, Mark"]
[Black "O'Donnell, Robert"]
[Result "1/2-1/2"]
[WhiteElo "2255"]
[BlackElo "2250"]
[PlyCount "81"]
[EventDate "1995.??.??"]

{5/(2)} 1. e4 c5 2. c3 Nf6 3. e5 Nd5 4. d4 cxd4 5. Qxd4 e6 6. Nf3 Nc6 7. Qe4 d6
8. Nbd2 Nb6 9. Bb5 Bd7 10. Qe2 Qc7 11. exd6 Bxd6 12. Ne4 Be7 13. O-O O-O 14.
Be3 Nd5 15. Nc5 Nxe3 16. Nxd7 Nxf1 17. Nxf8 Nxh2 18. Nxe6 Nxf3+ 19. gxf3 fxe6
20. Qxe6+ Kh8 21. Re1 Rf8 22. Bxc6 Bc5 23. Bd5 Qg3+ 24. Kh1 Qxf2 25. Rb1 h6 26.
Qe1 Qc2 27. Be4 Qa4 28. b4 Bb6 29. Qe2 Rf4 30. Kg2 Qd7 31. Rh1 Qe7 32. Rh5 Rf6
33. Qc4 Rf8 34. Qd5 Rd8 35. Qf5 Rd2+ 36. Kh3 Qd7 37. Qxd7 Rxd7 38. Rd5 Rxd5 39.
Bxd5 Be3 40. Bxb7 Bd2 41. b5 1/2-1/2

[Event "East Lansing (MI Op/5/4)"]
[Site "?"]
[Date "1995.??.??"]
[Round "?"]
[White "Finegold, Mark"]
[Black "Kamberi, Sonny"]
[Result "1-0"]
[WhiteElo "2245"]
[BlackElo "2160"]
[PlyCount "109"]
[EventDate "1995.??.??"]

{5/(4)} 1. e4 e5 2. Nf3 Nc6 3. Bb5 a6 4. Bxc6 dxc6 5. O-O Qd6 6. Na3 b5 7. c3
c5 8. Qe2 Bg4 9. Rd1 Rd8 10. Nc2 Qd3 11. Qxd3 Rxd3 12. Nce1 Rd8 13. d3 Bd6 14.
Be3 Ne7 15. h3 Bd7 16. d4 cxd4 17. cxd4 exd4 18. Bxd4 O-O 19. Nd3 Nc6 20. Bc5
Bxc5 21. Nxc5 Bc8 22. Rac1 Rxd1+ 23. Rxd1 Rd8 24. Rxd8+ Nxd8 25. Nd4 Kf8 26. f4
Ne6 27. Ndxe6+ fxe6 28. b4 Ke7 29. e5 Kf7 30. Kf2 Ke7 31. g4 Kf7 32. Ke3 Ke7
33. Ke4 g6 34. Kd4 Kd8 35. g5 Ke7 36. Ne4 Bb7 37. Nf6 Bg2 38. h4 Bb7 39. Nxh7
Bf3 40. Nf6 Bb7 41. a3 Kf7 42. Nd7 Bc8 43. Nc5 Kg7 44. Ke4 Kh7 45. Kf3 Kg7 46.
Kg4 Kh7 47. h5 Kg7 48. hxg6 Kxg6 49. Kg3 Kh5 50. Kh3 Kg6 51. Kg4 Kg7 52. Kh5
Kh7 53. g6+ Kg7 54. Kg5 Kg8 55. Kh6 1-0

[Event "East Lansing (MEX/3/3)"]
[Site "?"]
[Date "1995.??.??"]
[Round "?"]
[White "Finegold, Mark"]
[Black "Hahn, David"]
[Result "1/2-1/2"]
[WhiteElo "2255"]
[BlackElo "2215"]
[PlyCount "53"]
[EventDate "1995.??.??"]

{3/(3)} 1. e4 d6 2. d4 Nf6 3. Nc3 g6 4. g3 Bg7 5. Bg2 O-O 6. Nge2 e5 7. h3 Nc6
8. Be3 Bd7 9. O-O exd4 10. Nxd4 Re8 11. Qd2 Nxd4 12. Bxd4 c5 13. Be3 Bc6 14.
Bg5 h6 15. Bxh6 Nxe4 16. Nxe4 Bxe4 17. Bxg7 Kxg7 18. Rad1 Bxg2 19. Kxg2 Re6 20.
Rfe1 Rxe1 21. Rxe1 Qf6 22. c3 Rh8 23. Qd5 b5 24. Rd1 Rd8 25. Rd3 Qe6 26. Qc6
Qd7 27. Qd5 1/2-1/2

[Event "East Lansing (MI Op/1a/3)"]
[Site "?"]
[Date "1995.??.??"]
[Round "?"]
[White "Finegold, Mark"]
[Black "Golonka, Stan"]
[Result "1-0"]
[WhiteElo "2245"]
[BlackElo "1975"]
[PlyCount "59"]
[EventDate "1995.??.??"]

1. e4 c5 2. c3 d5 3. exd5 Qxd5 4. Nf3 e5 5. d4 e4 6. Ne5 cxd4 7. cxd4 Bb4+ 8.
Nc3 Bxc3+ 9. bxc3 Be6 10. Be2 Ne7 11. O-O Nbc6 12. Bf4 Nxe5 13. Bxe5 O-O 14. c4
Qd7 15. d5 Bf5 16. Bb2 Rac8 17. Rc1 b6 18. Qd4 f6 19. Rfd1 Qd6 20. Qe3 Rfe8 21.
Ba3 Qd7 22. c5 bxc5 23. Rxc5 Rxc5 24. Bxc5 Rc8 25. Bxa7 Rc2 26. d6 Rxe2 27.
Qxe2 Qxa7 28. dxe7 Qxe7 29. Qc4+ Kh8 30. Qd5 1-0

[Event "East Lansing (MI Op/3/12)"]
[Site "?"]
[Date "1995.??.??"]
[Round "?"]
[White "Finegold, Mark"]
[Black "Davis, Michael"]
[Result "1-0"]
[WhiteElo "2245"]
[BlackElo "1665"]
[PlyCount "145"]
[EventDate "1995.??.??"]

{3/(12)} 1. e4 c5 2. c3 e6 3. d4 d5 4. exd5 exd5 5. Nf3 Nf6 6. Bb5+ Nc6 7. O-O
Be7 8. Nbd2 O-O 9. dxc5 Bxc5 10. Nb3 Bb6 11. Bg5 Bg4 12. Bxf6 Qxf6 13. Qxd5
Rad8 14. Qe4 Bxf3 15. Qxf3 Qxf3 16. gxf3 Ne5 17. Be2 Rfe8 18. Rad1 Rxd1 19.
Rxd1 Ng6 20. Kf1 Nf4 21. Bb5 Re7 22. c4 Ng6 23. c5 Bc7 24. c6 bxc6 25. Bxc6 Ne5
26. Bd5 g6 27. Nc5 Kg7 28. b4 Nd7 29. h3 Nxc5 30. bxc5 Rd7 31. Ke2 f5 32. Ke3
g5 33. Kd4 Kf6 34. Re1 Re7 35. Rxe7 Kxe7 36. Bg8 h6 37. Kd5 h5 38. Kc6 Be5 39.
Kb7 Kd7 40. c6+ Kd8 41. Be6 a5 42. Bxf5 h4 43. Kb6 Bc7+ 44. Ka6 Ke7 45. Kb7 Kd6
46. Be4 Bd8 47. Ka6 Bc7 48. Kb5 Bd8 49. Kc4 Bb6 50. Kb5 Bc7 51. Bf5 Bd8 52. Bd7
Bc7 53. Kc4 Bb6 54. f4 gxf4 55. f3 Bd8 56. Kd4 Bb6+ 57. Ke4 Be3 58. Kf5 Bf2 59.
Kxf4 Bg3+ 60. Kg5 Ke7 61. f4 Kd6 62. f5 Ke7 63. f6+ Kf7 64. Kf5 Bc7 65. Be6+
Kf8 66. Bc4 a4 67. Ke6 Ke8 68. f7+ Kf8 69. Kd7 Bf4 70. c7 Bxc7 71. Kxc7 Ke7 72.
a3 Kf8 73. Kd8 1-0

[Event "East Lansing (MEX/1/3)"]
[Site "?"]
[Date "1995.??.??"]
[Round "?"]
[White "Finegold, Mark"]
[Black "Beider, Andrew"]
[Result "1-0"]
[WhiteElo "2255"]
[BlackElo "2135"]
[PlyCount "105"]
[EventDate "1995.??.??"]

{1/(3)} 1. e4 c5 2. c3 e5 3. Nf3 Nc6 4. Bc4 Be7 5. O-O Nf6 6. d3 O-O 7. Nbd2 d5
8. exd5 Nxd5 9. Qe1 Bf6 10. Ne4 b6 11. Nxf6+ gxf6 12. Bh6 Re8 13. Qe4 Be6 14.
Qh4 Kh8 15. Rfe1 Rg8 16. h3 Rg6 17. Qh5 Nce7 18. Nh4 Rg8 19. Rxe5 fxe5 20.
Qxe5+ f6 21. Qxe6 Rc8 22. Re1 Rc6 23. Qf7 f5 24. Bxd5 Qxd5 25. Rxe7 Qxf7 26.
Rxf7 Rxh6 27. Nxf5 Re6 28. Kf1 Rge8 29. Ne3 a6 30. Ke2 Kg8 31. Rf4 R8e7 32. d4
cxd4 33. cxd4 Rc7 34. d5 Rd6 35. Kd3 b5 36. Kd4 Rd8 37. Ke5 Re7+ 38. Kd4 Rc7
39. Rf6 Ra8 40. Rc6 Rf7 41. Ng4 Rf4+ 42. Ke5 Rb4 43. Rc7 Rxb2 44. Nf6+ Kf8 45.
Rxh7 Re2+ 46. Kd6 Rxf2 47. Rh8+ Kg7 48. Rxa8 Rxf6+ 49. Kc5 Rf2 50. Rxa6 Rxg2
51. Ra3 Rb2 52. d6 Kf6 53. Rd3 1-0

[Event "Dearborn (MI Inv/4)"]
[Site "?"]
[Date "1995.??.??"]
[Round "?"]
[White "Finegold, Ben"]
[Black "Strugach, L."]
[Result "1-0"]
[WhiteElo "2600"]
[BlackElo "2370"]
[PlyCount "43"]
[EventDate "1995.??.??"]

1. d4 Nf6 2. c4 e6 3. Nc3 Bb4 4. Qc2 O-O 5. Nf3 b6 6. e4 d5 7. e5 Ne8 8. Bd3 h6
9. cxd5 exd5 10. O-O Be6 11. Ne2 Be7 12. Nf4 c5 13. Be3 Qc8 14. Rac1 c4 15.
Nxe6 Qxe6 16. Bh7+ Kh8 17. Bf5 Qc6 18. Qe2 Nd7 19. Nd2 g6 20. Bxd7 Qxd7 21.
Bxh6 Rg8 22. Rc3 1-0

[Event "East Lansing (MI Op/3/1)"]
[Site "?"]
[Date "1995.??.??"]
[Round "?"]
[White "Finegold, Ben"]
[Black "Moore, Dan"]
[Result "1-0"]
[WhiteElo "2605"]
[BlackElo "2060"]
[PlyCount "67"]
[EventDate "1995.??.??"]

{3/(1)} 1. d4 d5 2. Bg5 Nf6 3. Bxf6 exf6 4. e3 Be6 5. Nd2 Nd7 6. Bd3 c6 7. Ne2
g6 8. O-O Bg7 9. Nf4 f5 10. c4 Nf6 11. Rc1 O-O 12. Nb3 Qe7 13. Nc5 Rad8 14. Qb3
Bc8 15. cxd5 Nxd5 16. Nxd5 Rxd5 17. Qa4 f4 18. Rfe1 Qh4 19. g3 fxg3 20. fxg3
Qh6 21. Be4 Rh5 22. Rc2 Re8 23. Rce2 Bg4 24. Rf2 f5 25. Bd5+ Kh8 26. Be6 Bf8
27. Qb3 Bd6 28. e4 b6 29. e5 bxc5 30. exd6 f4 31. d7 Rd8 32. Bxg4 fxg3 33. Re8+
Kg7 34. Qf7# 1-0

[Event "East Lansing (MI Op/1a/1)"]
[Site "?"]
[Date "1995.??.??"]
[Round "?"]
[White "Finegold, Ben"]
[Black "Kende, M."]
[Result "1-0"]
[WhiteElo "2605"]
[BlackElo "2015"]
[PlyCount "75"]
[EventDate "1995.??.??"]

1. d4 f5 2. Nc3 Nf6 3. Bg5 e6 4. e4 fxe4 5. Bxf6 Qxf6 6. Nxe4 Qe7 7. Bd3 Nc6 8.
Nf3 b6 9. O-O Bb7 10. c3 O-O-O 11. Qe2 g5 12. Ba6 g4 13. Ne5 Nxe5 14. dxe5 Bg7
15. a4 Bxe5 16. a5 d5 17. Ra4 Bxh2+ 18. Kxh2 dxe4 19. Bxb7+ Kxb7 20. Qxe4+ Kb8
21. Qxg4 Qd6+ 22. Kg1 Rhg8 23. Qh3 Qc6 24. Rb4 Rd5 25. axb6 cxb6 26. Rg4 Rxg4
27. Qxg4 Qd7 28. Re1 Rd6 29. b4 Qf7 30. c4 Rd2 31. Qg3+ Kb7 32. Qe3 Rd6 33.
Qe4+ Kc8 34. Qa8+ Kd7 35. Qxa7+ Ke8 36. Qb8+ Kd7 37. Ra1 Kc6 38. Qc8+ 1-0

[Event "East Lansing (MEX/3/2)"]
[Site "?"]
[Date "1995.??.??"]
[Round "?"]
[White "Finegold, Ben"]
[Black "Kamberi, Sonny"]
[Result "1-0"]
[WhiteElo "2590"]
[BlackElo "2135"]
[PlyCount "47"]
[EventDate "1995.??.??"]

{3/(2)} 1. d4 d5 2. c4 e6 3. Nc3 c6 4. Bf4 dxc4 5. e3 Nf6 6. Bxc4 Nbd7 7. Nf3
Be7 8. O-O a6 9. e4 O-O 10. Re1 b5 11. Bb3 Bb7 12. Rc1 Nb6 13. Bg5 b4 14. Na4
Nxa4 15. Bxa4 Rc8 16. Ne5 h6 17. Bh4 g5 18. Bxc6 Bxc6 19. Nxc6 Rxc6 20. Rxc6
gxh4 21. d5 exd5 22. e5 Nh7 23. Rxh6 Bg5 24. Rxa6 1-0

[Event "East Lansing (MI Op/6/2)"]
[Site "?"]
[Date "1995.??.??"]
[Round "?"]
[White "Finegold, Ben"]
[Black "Hahn, David"]
[Result "1-0"]
[WhiteElo "2605"]
[BlackElo "2215"]
[PlyCount "59"]
[EventDate "1995.??.??"]

{6/(2)} 1. d4 d6 2. c4 e5 3. Nf3 e4 4. Ng5 f5 5. Nc3 Nf6 6. e3 c6 7. Be2 Be7 8.
Nh3 Na6 9. b3 Nc7 10. d5 cxd5 11. cxd5 Ncxd5 12. Nxd5 Qa5+ 13. Bd2 Qxd5 14. Nf4
Qc5 15. Rc1 Qb6 16. Bc3 O-O 17. Bxf6 Rxf6 18. Nd5 Qd8 19. Nxf6+ Bxf6 20. Qd5+
Kh8 21. O-O Qe7 22. Bc4 Bd7 23. Qxb7 Rd8 24. Rfd1 f4 25. exf4 e3 26. Qxa7 d5
27. Rxd5 e2 28. Qe3 Qa3 29. Rxd7 Rc8 30. Re1 1-0

[Event "East Lansing (MEX/1/1)"]
[Site "?"]
[Date "1995.??.??"]
[Round "?"]
[White "Finegold, Ben"]
[Black "Gabbara, Faris"]
[Result "1-0"]
[WhiteElo "2590"]
[BlackElo "2170"]
[PlyCount "64"]
[EventDate "1995.??.??"]

{1/(1)} 1. d4 d5 2. c4 e6 3. Nc3 c5 4. e3 Nf6 5. Nf3 Nc6 6. a3 cxd4 7. exd4 a6
8. c5 Qc7 9. Bd3 b6 10. b4 bxc5 11. bxc5 Nxd4 12. Nxd4 Bxc5 13. Nce2 O-O 14.
Nb3 Bb6 15. Bf4 Qa7 16. O-O Re8 17. h3 e5 18. Bg5 e4 19. Bc2 Nd7 20. Nbd4 Nc5
21. Rb1 Bd7 22. Be3 Rac8 23. Nf4 Be6 24. a4 Qc7 25. Qh5 Nd7 26. Nfe2 Nf6 27.
Qh4 Ba7 28. Rb3 Qd7 29. Bg5 Bc5 30. Bxf6 gxf6 31. Qh6 Bf8 32. Rg3+ Kh8 1-0

[Event "Dearborn (MI Inv/1)"]
[Site "?"]
[Date "1995.??.??"]
[Round "?"]
[White "Finegold, Ben"]
[Black "Feldman, Steve"]
[Result "1-0"]
[WhiteElo "2600"]
[BlackElo "2340"]
[PlyCount "61"]
[EventDate "1995.??.??"]

1. d4 d5 2. Nc3 Nf6 3. Bg5 e6 4. e4 dxe4 5. Nxe4 Be7 6. Bxf6 gxf6 7. Nf3 c6 8.
Bd3 Nd7 9. Qe2 Qc7 10. O-O-O b6 11. Rhe1 Bb7 12. Kb1 O-O-O 13. Ba6 Kb8 14. Bxb7
Kxb7 15. Rd3 Rhg8 16. Red1 f5 17. Ng3 f4 18. Ne4 Rxg2 19. c4 Rg6 20. d5 exd5
21. cxd5 cxd5 22. Rxd5 Nc5 23. Nxc5+ bxc5 24. Qe4 Rxd5 25. Rxd5 Kb8 26. Ne5 Re6
27. Qxh7 Bf6 28. Nd7+ Kb7 29. Nxc5+ Kc6 30. Nxe6 fxe6 31. Rc5+ 1-0

[Event "East Lansing (Class DE/4/12)"]
[Site "?"]
[Date "1995.??.??"]
[Round "?"]
[White "Fenton, D."]
[Black "Simmons, P."]
[Result "1/2-1/2"]
[WhiteElo "1605"]
[BlackElo "1605"]
[PlyCount "130"]
[EventDate "1995.??.??"]

{4/(12)} 1. e4 d5 2. exd5 Nf6 3. Nf3 Nxd5 4. Bc4 Bg4 5. d4 Nc6 6. c3 e5 7. Qb3
Bxf3 8. gxf3 Na5 9. Qb5+ c6 10. Qa4 Nxc4 11. Qxc4 exd4 12. Qxd4 Qd6 13. Qe4+
Qe6 14. Qxe6+ fxe6 15. Nd2 Bd6 16. Nc4 Bc7 17. O-O O-O-O 18. Re1 Rde8 19. Be3
Kb8 20. Bd4 Rhg8 21. Ne5 Ka8 22. Nd7 h5 23. Nc5 e5 24. Be3 g5 25. Kh1 Ref8 26.
Ne6 Rxf3 27. Nxc7+ Nxc7 28. Rad1 Nd5 29. Bc5 b6 30. Bd6 Rxf2 31. Bxe5 Rxb2 32.
c4 Rxa2 33. cxd5 cxd5 34. Rxd5 Re8 35. Red1 Kb7 36. Rd7+ Ka6 37. Bc7 Rg8 38.
Rh7 h4 39. Rdd7 Re2 40. Rdg7 Rge8 41. Rxg5 Re1+ 42. Kg2 R1e7 43. Rxe7 Rxe7 44.
Bd8 Re2+ 45. Kh3 b5 46. Rg6+ Kb7 47. Bxh4 b4 48. Bg3 a5 49. Bd6 Re3+ 50. Kg4 b3
51. Ba3 a4 52. h4 Re2 53. h5 b2 54. Bxb2 Rxb2 55. h6 Rg2+ 56. Kf5 Rh2 57. Rg7+
Kb6 58. h7 Rf2+ 59. Kg6 Rg2+ 60. Kf7 Rh2 61. Kg8 a3 62. h8=Q Rxh8+ 63. Kxh8 Kb5
64. Ra7 Kb4 65. Kg7 Kb3 1/2-1/2

[Event "East Lansing (Class DE/1/4)"]
[Site "?"]
[Date "1995.??.??"]
[Round "?"]
[White "Fenton, D."]
[Black "Dumas, Steve"]
[Result "0-1"]
[WhiteElo "1605"]
[BlackElo "1605"]
[PlyCount "66"]
[EventDate "1995.??.??"]

{1/(4)} 1. e4 e5 2. Nf3 f5 3. Nxe5 d6 4. Qh5+ g6 5. Nxg6 Nf6 6. Qh4 Rg8 7. Nxf8
Rxf8 8. d4 Qe7 9. Nc3 Bd7 10. Bd3 Nc6 11. O-O O-O-O 12. Bg5 Qg7 13. Bh6 Qg6 14.
Bxf8 Rxf8 15. e5 dxe5 16. dxe5 Nxe5 17. Bb5 Nf3+ 18. Kh1 Nxh4 19. g3 Nf3 20.
Rad1 c6 21. Be2 Ne5 22. Rd6 h5 23. Na4 Nf7 24. Bxh5 Qxh5 25. Rxf6 Qf3+ 26. Kg1
Qd5 27. Nc3 Qe5 28. Rg6 Be8 29. Nd1 Nd6 30. Rg5 Nc4 31. f4 Qd4+ 32. Kg2 Qd2+
33. Nf2 Ne3+ 0-1

[Event "East Lansing (Class DE/5/10)"]
[Site "?"]
[Date "1995.??.??"]
[Round "?"]
[White "Fenton, D."]
[Black "Card, A."]
[Result "0-1"]
[WhiteElo "1605"]
[BlackElo "1605"]
[PlyCount "48"]
[EventDate "1995.??.??"]

{5/(10)} 1. e4 c5 2. Nf3 d6 3. d4 cxd4 4. Nxd4 Nf6 5. Nc3 a6 6. Be3 e6 7. f4 e5
8. fxe5 dxe5 9. Nf3 Bd6 10. Bc4 O-O 11. Qd2 Nc6 12. O-O-O Be7 13. Qf2 Bd7 14.
Qg3 b5 15. Bb3 b4 16. Bh6 Nh5 17. Qe1 bxc3 18. Be3 cxb2+ 19. Kb1 Qc7 20. h3
Rac8 21. g4 Nf6 22. g5 Na5 23. gxf6 Nxb3 24. axb3 Qxc2+ 0-1

[Event "Eastpointe (MCO/3/28)"]
[Site "?"]
[Date "1995.??.??"]
[Round "?"]
[White "Felton, H."]
[Black "al-Shareef, Robert"]
[Result "0-1"]
[WhiteElo "1605"]
[BlackElo "1685"]
[PlyCount "60"]
[EventDate "1995.??.??"]

{3/(28)} 1. d4 d5 2. c4 c6 3. Nc3 Nf6 4. Nf3 dxc4 5. a4 Bf5 6. e3 e6 7. Bxc4
Bb4 8. Bd2 Nbd7 9. Bb3 Qc7 10. O-O O-O 11. Rc1 Qd6 12. h3 e5 13. dxe5 Nxe5 14.
Nxe5 Qxe5 15. Bc2 Bxc2 16. Qxc2 Rad8 17. Rfd1 Bd6 18. g3 Rfe8 19. Ne2 Ne4 20.
Nf4 Qg5 21. Kg2 h5 22. h4 Qg4 23. Qc4 Bxf4 24. Be1 Rxd1 25. Rxd1 Qxd1 26. exf4
Qxe1 27. Qc2 Nd2 28. Qd3 Re2 29. Qd8+ Kh7 30. Qd3+ g6 0-1

[Event "Eastpointe (MCO/1/38)"]
[Site "?"]
[Date "1995.??.??"]
[Round "?"]
[White "Felton, H."]
[Black "Schell, Ken"]
[Result "0-1"]
[WhiteElo "1605"]
[BlackElo "1705"]
[PlyCount "78"]
[EventDate "1995.??.??"]

{1/(38)} 1. d4 d5 2. c4 e6 3. Nc3 Nf6 4. Bg5 Nbd7 5. e3 c6 6. Nf3 Qa5 7. Bd3
Bb4 8. Qc2 Ne4 9. Bxe4 dxe4 10. Nd2 Qxg5 11. O-O f5 12. a3 Bd6 13. g3 Nf6 14.
b4 h5 15. f4 Qg4 16. Kg2 h4 17. Rh1 Bd7 18. Qd1 Qg6 19. b5 Kf7 20. a4 Nh5 21.
Ne2 Be7 22. c5 cxb5 23. axb5 Bxb5 24. Nf1 Qg4 25. Ng1 Qxd1 26. Rxd1 Bxf1+ 27.
Rxf1 hxg3 28. hxg3 Nf6 29. Ne2 Ng4 30. Rxh8 Rxh8 31. Rh1 Nxe3+ 32. Kg1 Rxh1+
33. Kxh1 g5 34. Kg1 a5 35. Kf2 Nd5 36. Nc1 a4 37. Na2 a3 38. Ke2 gxf4 39. gxf4
Nxf4+ 0-1

[Event "Eastpointe (MCO/5/32)"]
[Site "?"]
[Date "1995.??.??"]
[Round "?"]
[White "Felton, H."]
[Black "Cannon, Gregory"]
[Result "1/2-1/2"]
[WhiteElo "1605"]
[BlackElo "1605"]
[PlyCount "83"]
[EventDate "1995.??.??"]

{5/(32)} 1. d4 Nf6 2. c4 g6 3. Nc3 d5 4. e3 Bg7 5. Nf3 O-O 6. Bd3 c5 7. cxd5
Nxd5 8. Bd2 Bg4 9. h3 Bxf3 10. Qxf3 Nxc3 11. bxc3 Nc6 12. O-O cxd4 13. cxd4 Re8
14. Bb5 Rc8 15. Rfc1 Nxd4 16. Qxb7 Rxc1+ 17. Rxc1 Nxb5 18. Qxb5 Kf8 19. Bb4 Qb8
20. Qxb8 Rxb8 21. Bc5 Rb7 22. Bd4 Bxd4 23. exd4 e6 24. Kf1 Ke7 25. Rc2 Rd7 26.
Ke2 Rxd4 27. Rc7+ Rd7 28. Rc2 f5 29. f3 h5 30. f4 Kf6 31. Kf3 g5 32. fxg5+ Kxg5
33. Rc8 Kf6 34. g4 hxg4+ 35. hxg4 fxg4+ 36. Kxg4 Rg7+ 37. Kf4 e5+ 38. Ke3 Re7
39. Ke4 Rd7 40. Rf8+ Ke6 41. Re8+ Re7 42. Rxe7+ 1/2-1/2

[Event "Detroit (MI Team/3/1/3)"]
[Site "?"]
[Date "1995.??.??"]
[Round "?"]
[White "Feldstein, R."]
[Black "Drkulec, Vladimir"]
[Result "0-1"]
[WhiteElo "2000"]
[BlackElo "2140"]
[PlyCount "116"]
[EventDate "1995.??.??"]

{3/1} 1. Nf3 Nf6 2. b4 a5 3. b5 d5 4. a4 c5 5. bxc6 bxc6 6. Ba3 g6 7. c4 Bg7 8.
cxd5 cxd5 9. g3 O-O 10. Bg2 Ne4 11. Ra2 Nc6 12. Bb2 Qb6 13. Nd4 Bxd4 14. Bxd4
Qxd4 15. O-O Nb4 16. Ra3 Ba6 17. Re3 e6 18. h4 h5 19. d3 Nf6 20. Nd2 Ng4 21.
Rf3 Qb6 22. Bh3 Ne5 23. Re3 Nec6 24. Kh2 Qd8 25. f4 Nd4 26. Nb3 Nbc2 27. Re5
Rc8 28. Nxd4 Nxd4 29. Qe1 Rc2 30. Qf2 Nc6 31. Re3 d4 32. Rf3 f5 33. Rb1 Nb4 34.
Rb3 Bb7 35. Bg2 Ra2 36. Qe1 Bd5 37. Rb1 Bxf3 38. exf3 Qd7 39. Qe5 Rxa4 40. g4
Nxd3 41. Qb5 Qxb5 42. Rxb5 Nxf4 43. Bf1 d3 44. Kg3 d2 45. Rb1 Rd4 46. Bb5 fxg4
47. fxg4 d1=Q 48. Rxd1 Rxd1 49. gxh5 Nxh5+ 50. Kg2 Kg7 51. Bc4 Rd4 52. Bxe6
Nf4+ 53. Kg3 Nxe6 54. h5 gxh5 55. Kg2 Rg4+ 56. Kh3 Rf3+ 57. Kh2 Ng5 58. Kh1
Rh3# 0-1

[Event "Detroit (MI Team/2/2/3)"]
[Site "?"]
[Date "1995.??.??"]
[Round "?"]
[White "Feldstein, R."]
[Black "Boyle, John"]
[Result "0-1"]
[WhiteElo "2000"]
[BlackElo "1605"]
[PlyCount "120"]
[EventDate "1995.??.??"]

{2/2} 1. Nf3 c5 2. d4 cxd4 3. c3 dxc3 4. Nxc3 Nc6 5. e4 e6 6. Bc4 Bb4 7. O-O
Nge7 8. Bf4 O-O 9. Nb5 Ba5 10. Qd6 a6 11. Nbd4 Nxd4 12. Qxd4 b5 13. Bd3 Bb7 14.
Qe5 Rc8 15. Qh5 f5 16. exf5 Bxf3 17. Qxf3 Nxf5 18. Bd6 Nxd6 19. Qh5 Nf5 20. g4
Qh4 21. Bxf5 Qxh5 22. Bxe6+ dxe6 23. gxh5 Rc2 24. Rac1 Rxc1 25. Rxc1 e5 26. Rc6
Rf6 27. Rc8+ Kf7 28. Kg2 Bb6 29. f3 Rh6 30. b4 Rxh5 31. Ra8 Rg5+ 32. Kh3 Bd4
33. Rxa6 Rg6 34. Ra5 Rb6 35. Ra7+ Kf6 36. Kg4 h6 37. h4 g6 38. h5 gxh5+ 39.
Kxh5 Kf5 40. Rf7+ Rf6 41. Rb7 Kf4 42. Rxb5 Kxf3 43. Rd5 Bb2 44. Rd2 Bd4 45. b5
Rd6 46. a4 e4 47. a5 e3 48. Ra2 e2 49. Rxe2 Kxe2 50. b6 Bxb6 51. axb6 Rxb6 52.
Kg4 Rf6 53. Kh5 Rf4 54. Kxh6 Rg4 55. Kh5 Rg1 56. Kh4 Kf3 57. Kh5 Kf4 58. Kh6
Kf5 59. Kh7 Kf6 60. Kh8 Kf7 0-1

[Event "Dearborn (MI Inv/2)"]
[Site "?"]
[Date "1995.??.??"]
[Round "?"]
[White "Feldman, Steve"]
[Black "Strugach, L."]
[Result "1/2-1/2"]
[WhiteElo "2340"]
[BlackElo "2370"]
[PlyCount "114"]
[EventDate "1995.??.??"]

1. d4 Nf6 2. c4 e6 3. Nf3 Bb4+ 4. Bd2 Be7 5. Nc3 d5 6. Bg5 Nbd7 7. e3 O-O 8.
Qc2 b6 9. O-O-O Bb7 10. Bd3 h6 11. Bxf6 Nxf6 12. Ne5 c5 13. Kb1 cxd4 14. exd4
dxc4 15. Bxc4 Rc8 16. Qb3 Qd6 17. f3 a6 18. Rhe1 b5 19. Nxf7 bxc4 20. Nxd6 cxb3
21. Nxb7 bxa2+ 22. Kxa2 Rc7 23. Nc5 Bxc5 24. dxc5 Rxc5 25. Rxe6 a5 26. Rd4 Rf7
27. Rd8+ Kh7 28. Rb6 Re7 29. Rd2 Kg6 30. Ne4 Rf5 31. Rdd6 Kf7 32. Rxf6+ Rxf6
33. Nxf6 gxf6 34. Rb5 Re2 35. g4 Rxh2 36. Rxa5 Rh3 37. Rf5 Kg6 38. Rf4 h5 39.
gxh5+ Rxh5 40. b4 Rh2+ 41. Kb3 Rh3 42. b5 Kg5 43. Rb4 Rxf3+ 44. Kc4 Re3 45. b6
Re8 46. b7 Rb8 47. Kc5 f5 48. Kc6 f4 49. Kc7 Rxb7+ 50. Rxb7 f3 51. Kd6 Kg4 52.
Ke5 f2 53. Rf7 Kg3 54. Ke4 Kg2 55. Rg7+ Kh2 56. Rf7 Kg2 57. Ke3 f1=Q 1/2-1/2

[Event "Dearborn (MI Inv/3)"]
[Site "Dearborn"]
[Date "1995.??.??"]
[Round "?"]
[White "Feldman, Steve"]
[Black "Noren, Kevin"]
[Result "1/2-1/2"]
[WhiteElo "2340"]
[BlackElo "2270"]
[PlyCount "96"]
[EventDate "1995.??.??"]

1. d4 e6 2. c4 f5 3. Nc3 Nf6 4. g3 Bb4 5. Bd2 O-O 6. Qb3 a5 7. Bg2 d6 8. Nf3
Qe8 9. O-O Bxc3 10. Bxc3 Nbd7 11. c5 Ne4 12. cxd6 cxd6 13. Nd2 Ndf6 14. f3 Nxc3
15. bxc3 f4 16. Nc4 Qe7 17. Qa3 Ra6 18. Rab1 Nd5 19. e4 fxe3 20. Rbe1 Qc7 21.
Nxe3 Qxc3 22. Qxc3 Nxc3 23. Rf2 b5 24. f4 b4 25. Nc4 Bd7 26. Rd2 d5 27. Ne5 Bb5
28. Bh3 g6 29. Bf1 Bxf1 30. Kxf1 Rc8 31. Rc2 Raa8 32. Nd7 Ne4 33. Rec1 Rc3 34.
Rxc3 bxc3 35. Nc5 Nxc5 36. dxc5 d4 37. Ke2 Rc8 38. Kd3 Rxc5 39. Kxd4 Rd5+ 40.
Kxc3 Rc5+ 41. Kd2 Rh5 42. h4 Kf7 43. Rc7+ Kf6 44. Ke3 h6 45. Ra7 e5 46. Ra6+
Kf7 47. Ke4 exf4 48. Kxf4 Rc5 1/2-1/2

[Event "Gaylord (NMO/2/20)"]
[Site "?"]
[Date "1995.??.??"]
[Round "?"]
[White "Feguer, Mike"]
[Black "Ryskamp, John"]
[Result "1-0"]
[WhiteElo "1605"]
[BlackElo "1605"]
[PlyCount "45"]
[EventDate "1995.??.??"]

{2/(20)} 1. e4 e6 2. Nc3 c5 3. Nf3 Nc6 4. d4 cxd4 5. Nxd4 Nf6 6. Nxc6 bxc6 7.
Bc4 Bb4 8. Bg5 e5 9. O-O O-O 10. Qf3 Be7 11. Qg3 d6 12. Bh6 Ng4 13. Bd2 Kh8 14.
f4 Qb6+ 15. Kh1 Bf6 16. fxe5 Bxe5 17. Bf4 Be6 18. Bxe6 fxe6 19. Qxg4 Rxf4 20.
Rxf4 Bxf4 21. Qxf4 Qxb2 22. Rf1 Kg8 23. Qf7+ 1-0

[Event "East Lansing (MOR/6/42)"]
[Site "?"]
[Date "1995.??.??"]
[Round "?"]
[White "Feguer, Mike"]
[Black "Renauer, D."]
[Result "1-0"]
[WhiteElo "1605"]
[BlackElo "1605"]
[PlyCount "65"]
[EventDate "1995.??.??"]

{6/(42)} 1. e4 e6 2. d4 d5 3. exd5 exd5 4. Nc3 Nf6 5. Qe2+ Qe7 6. Bf4 Bf5 7.
Bxc7 Bxc2 8. Qxe7+ Bxe7 9. Bb5+ Nbd7 10. Nf3 Bb4 11. O-O Bxc3 12. bxc3 a6 13.
Rac1 O-O 14. Bxd7 Be4 15. Ne5 Nxd7 16. Nxd7 Rfe8 17. Nb6 Bd3 18. Rfd1 Re2 19.
Nxa8 Bc4 20. Re1 Rxe1+ 21. Rxe1 Bb5 22. Rb1 f5 23. Rd1 Ba4 24. Rd2 Bb5 25. Nb6
g5 26. c4 Bxc4 27. Nxc4 dxc4 28. d5 b5 29. d6 Kg7 30. d7 Kg6 31. d8=Q h6 32.
Qe8+ Kf6 33. Rd6+ 1-0